Minecraft: Araña - Estadísticas

Estadísticas generales
  • Esta prueba ha sido intentada 164 veces
  • La puntuación promedio es 9 de 12
Estadísticas de respuestas
Pregunta Respuesta % Correcto
Sus ojos son de color marrón. Falso
100%
Pueden escalar paredes. Verdadero
100%
Sus ojos son de color verde. Falso
97%
Son pacíficas durante el día, excepto si les pegas. Verdadero
97%
Las arañas de cueva, un tipo de variante de araña, dan veneno al picarte. Verdadero
97%
Solo tienen una altura de 1 bloque. Verdadero
94%
No se quema con la luz del sol. Verdadero
91%
Las arañas no pueden saltar Falso
69%
Se pueden generar con efectos de pociones como rapidez o invisibilidad. Verdadero
59%
Tienen 20 puntos de vida (10 corazones) Falso
47%
Antes, las arañas eran de color marrón. Verdadero
47%
Las arañas fueron añadidas en la beta 1.5. Falso
41%
No se encontraron pruebas coincidentes
Distribución de puntuación
Porcentaje de gente con cada puntuación
Porcentaje por número respondido
Historial de tus puntuaciones
No has intentado esta prueba.